Introducción a Keynes (Registro nro. 2923)

Detalles MARC
000 -LEADER
fixed length control field 01122 a2200217 4500
001 - CONTROL NUMBER
control field 38766
005 - DATE AND TIME OF LATEST TRANSACTION
control field 20260407155649.0
008 - FIXED-LENGTH DATA ELEMENTS--GENERAL INFORMATION
fixed length control field 260407a1965 arg spa d
003 - CONTROL NUMBER IDENTIFIER
control field AR-UNSa-BCEJYS
040 ## - CATALOGING SOURCE
Original cataloging agency AR-UNSa-BCEJYS
Language of cataloging spa
Transcribing agency AR-UNSa-BCEJYS
080 ## - UNIVERSAL DECIMAL CLASSIFICATION NUMBER
Universal Decimal Classification number 330.834
Common auxiliary subdivision Keynes y el keynesianismo. Neokeynesianismo. Poskeynesianismo
041 ## - LANGUAGE CODE
Language code of text/sound track or separate title spa
100 1# - MAIN ENTRY--PERSONAL NAME
Personal name Prebisch, Raúl
245 10 - TITLE STATEMENT
Title Introducción a Keynes
250 ## - EDITION STATEMENT
Edition statement 5a. ed.
264 #1 - PRODUCTION, PUBLICATION, DISTRIBUTION, MANUFACTURE, AND COPYRIGHT NOTICE
Place of production, publication, distribution, manufacture México :
Name of producer, publisher, distributor, manufacturer Fondo de Cultura Económica
Date of production, publication, distribution, manufacture, or copyright notice 1965
300 ## - PHYSICAL DESCRIPTION
Extent 131 p.
Dimensions 21 cm.
505 ## - FORMATTED CONTENTS NOTE
Formatted contents note 1. La insuficiencia de la demanda - 2. El ingreso, el ahorro y las inversiones - 3. La propensión a consumir - 4. El multiplicador y las inversiones - 5. La eficiencia marginal del capital - 6. Teoría general de la tasa de interés - 7. La tasa de interés, la eficiencia marginal del capital y las inversiones - 8. Por qué la tasa de interés frena las inversiones - 9. Esquema de la teoría Keynesiana - 10. Aplicación del esquema a los salarios y precios - 11. La teoría de Keynes y su filosofía social
590 ## - LOCAL NOTE (RLIN)
Local note niveau_biblio:m niveau_hierar:0
942 ## - ADDED ENTRY ELEMENTS (KOHA)
Koha item type
Existencias
Withdrawn status Lost status Damaged status Not for loan Home library Current library Shelving location Date acquired Total checkouts Full call number Barcode Date last seen Price effective from Koha item type
        Biblioteca Prof. Eusebio Cleto del Rey Biblioteca Prof. Eusebio Cleto del Rey   07/04/2026   330.834 P922 5ed. L23411 07/04/2026 07/04/2026 Libro